Le choc des révolutions arabes / (Record no. 26605)

MARC details
000 -LEADER
campo de control de longitud fija 02197cam a22004215a 4500
001 - NÚMERO DE CONTROL
campo de control 111656
005 - FECHA Y HORA DE LA ÚLTIMA TRANSACCIÓN
campo de control 20230410103827.0
008 - DATOS DE LONGITUD FIJA--INFORMACIÓN GENERAL
campo de control de longitud fija 110705s2011 fr b g b 001 0 fre c
035 ## - NÚMERO DE CONTROL DEL SISTEMA
Número de control de sistema 16918449
010 ## - NÚMERO DE CONTROL DE LA BIBLIOTECA DEL CONGRESO
Número de control de LC 2011493728
020 ## - NÚMERO INTERNACIONAL ESTÁNDAR DEL LIBRO
Número Internacional Estándar del Libro 9782746730298 (pbk.)
020 ## - NÚMERO INTERNACIONAL ESTÁNDAR DEL LIBRO
Número Internacional Estándar del Libro 2746730294 (pbk.)
035 ## - NÚMERO DE CONTROL DEL SISTEMA
Número de control de sistema (OCoLC)ocn729343287
040 ## - FUENTE DE CATALOGACIÓN
Centro catalogador/agencia de origen AUXAM
Lengua de catalogación eng
Centro/agencia transcriptor AUXAM
Centro/agencia modificador TZT
Normas de descripción rda
Centro/agencia modificador STF
-- DLC
042 ## - CÓDIGO DE AUTENTICACIÓN
Código de autenticación pcc
043 ## - CÓDIGO DE ÁREA GEOGRÁFICA
Código de área geográfica ma-----
-- aw-----
-- ff-----
050 14 - SIGNATURA TOPOGRÁFICA DE LA BIBLIOTECA DEL CONGRESO
Número de clasificación 403 DS 39
Número de ítem G946c 2011
100 1# - ENTRADA PRINCIPAL--NOMBRE DE PERSONA
Nombre de persona Guidere, Mathieu
245 13 - MENCIÓN DEL TÍTULO
Título Le choc des révolutions arabes /
Mención de responsabilidad, etc. Mathieu Guidere.
260 ## - PUBLICACIÓN, DISTRIBUCIÓN, ETC.
Lugar de publicación, distribución, etc. Paris :
Nombre del editor, distribuidor, etc. Editions Autrement,
Fecha de publicación, distribución, etc. [2011]
300 ## - DESCRIPCIÓN FÍSICA
Extensión 160 p. :
Otras características físicas Ill ;
Dimensiones 23 cm.
490 1# - MENCIÓN DE SERIE
Mención de serie Frontieres
504 ## - NOTA DE BIBLIOGRAFÍA, ETC.
Nota de bibliografía, etc. Includes bibliographical references (page 206) and index.
505 0# - NOTA DE CONTENIDO CON FORMATO
Nota de contenido con formato Algérie : la clé militaire -- Arabie Saoudite : la cle wahhabite -- Bahreèin : la clé sunnite -- Comores : la cle des iles -- Djibouti : la clé occidentale -- Egypte : la cle militaire -- Emirates Arabes Unis : la cle oligarchique -- Irak : la clé ethno-confessionnelle -- Jordanie : la clé des réfugiés -- Koweèit : la clé dynastique -- Liban : la cle chiite -- Libye : la clé tribale -- Maroc : la clé symbolique -- Mauritanie : la cle militaire -- Oman : la clé doctrinale -- Palestine : la clé islamiste -- Qatar : la cle arabe -- Somalie : la clé clanique -- Soudan : la cle soufie -- Syrie : la cle des minorités -- Tunisie : la clé feminine -- Yemen : la clé tribale.
650 #0 - PUNTO DE ACCESO ADICIONAL DE MATERIA--TÉRMINO DE MATERIA
Término de materia o nombre geográfico como elemento de entrada Revolutions
Subdivisión geográfica Arab countries
Subdivisión general History
Subdivisión cronológica 21st century.
650 #0 - PUNTO DE ACCESO ADICIONAL DE MATERIA--TÉRMINO DE MATERIA
Término de materia o nombre geográfico como elemento de entrada Revolutions
Subdivisión geográfica Middle East
Subdivisión general History
Subdivisión cronológica 21st century.
650 #0 - PUNTO DE ACCESO ADICIONAL DE MATERIA--TÉRMINO DE MATERIA
Término de materia o nombre geográfico como elemento de entrada Revolutions
Subdivisión geográfica Africa, North
Subdivisión general History
Subdivisión cronológica 21st century.
651 #0 - PUNTO DE ACCESO ADICIONAL DE MATERIA--NOMBRE GEOGRÁFICO
Nombre geográfico Arab countries
Subdivisión general Politics and government
Subdivisión cronológica 21st century.
651 #0 - PUNTO DE ACCESO ADICIONAL DE MATERIA--NOMBRE GEOGRÁFICO
Nombre geográfico Middle East
Subdivisión general Politics and government
Subdivisión cronológica 21st century.
651 #0 - PUNTO DE ACCESO ADICIONAL DE MATERIA--NOMBRE GEOGRÁFICO
Nombre geográfico Africa, North
Subdivisión general Politics and government
Subdivisión cronológica 21st century.
650 #4 - PUNTO DE ACCESO ADICIONAL DE MATERIA--TÉRMINO DE MATERIA
Término de materia o nombre geográfico como elemento de entrada Revoluciones
Subdivisión geográfica Paises árabes.
651 #4 - PUNTO DE ACCESO ADICIONAL DE MATERIA--NOMBRE GEOGRÁFICO
Nombre geográfico Países arabes
Subdivisión general Política y gobierno
Subdivisión cronológica Siglo XXI
830 #0 - PUNTO DE ACCESO ADICIONAL DE SERIE-TÍTULO UNIFORME
Título uniforme Collection Autrement frontieres.
925 0# -
-- acquire
-- 1 shelf copy
-- policy default
942 ## - ELEMENTOS DE ENTRADA SECUNDARIOS (KOHA)
Fuente del sistema de clasificación o colocación Clasificación de Library of Congress
Tipo de ítem Koha
936 ## - OCLC/CONSER DATOS MISCELÁNEOS (OCLC); PIEZA UTILIZADA PARA CATALOGACIÓN (pre-RCAA2) (RLIN)
Numero(s) de control OCLC de registros paralelo(s) (OCLC); Pieza utilizada para catalogación, PUC (RLIN) PR 734090139
923 ## -
-- 20110803
-- B00116946
-- 93001875
Holdings
Estatus retirado Estado de pérdida Fuente del sistema de clasificación o colocación Estado de daño No para préstamo Colección Biblioteca de origen Biblioteca actual Ubicación en estantería Fecha de adquisición Serial enumeration / chronology Signatura topográfica completa Código de barras Visto por última vez Copia número Tipo de ítem Koha
    Clasificación de Library of Congress     Recursos Regionales Biblioteca Juan Bosch Biblioteca Juan Bosch Recursos Regionales (2do. Piso) 10/04/2023 1 403 DS 39 G946c 2011 00000104725 23/10/2018 1